Supplementary report on the ground-water supplies of the Atlantic City region, (Record no. 27317)

MARC details
000 -LEADER
fixed length control field 01151cam a22003011 4500
001 - CONTROL NUMBER
control field gs 37000003
003 - CONTROL NUMBER IDENTIFIER
control field DLC
005 - DATE AND TIME OF LATEST TRANSACTION
control field 20260227111341.0
008 - FIXED-LENGTH DATA ELEMENTS--GENERAL INFORMATION
fixed length control field 830504s1936 nju 000 0 eng c
010 ## - LIBRARY OF CONGRESS CONTROL NUMBER
LC control number gs 37000003
035 ## - SYSTEM CONTROL NUMBER
System control number (OCoLC)9478612
040 ## - CATALOGING SOURCE
Original cataloging agency U. S. Geol. Survey. Library
Transcribing agency GStG
Modifying agency OCoLC
-- DLC
042 ## - AUTHENTICATION CODE
Authentication code premarc
050 00 - LIBRARY OF CONGRESS CALL NUMBER
Classification number TD224.N5
Item number A47 no. 6
100 1# - MAIN ENTRY--PERSONAL NAME
Personal name Barksdale, Henry C.
Fuller form of name (Henry Compton)
Dates associated with a name 1898-
245 10 - TITLE STATEMENT
Title Supplementary report on the ground-water supplies of the Atlantic City region,
Statement of responsibility, etc. by Henry C. Barksdale, Raymond W. Sundstrom, and Maurice S. Brunstein.
260 ## - PUBLICATION, DISTRIBUTION, ETC.
Place of publication, distribution, etc. [Trenton, N.J.,
Date of publication, distribution, etc. 1936]
300 ## - PHYSICAL DESCRIPTION
Extent ix, 139 p.
Other physical details incl. maps, tables, diagrs.
Dimensions 23 cm.
410 10 - SERIES STATEMENT/ADDED ENTRY--CORPORATE NAME [OBSOLETE, CAN/MARC], [LOCAL, USA]
Corporate name or jurisdiction name as entry element New Jersey.
Subordinate unit State Water Policy Commission.
Title of a work [Special report,
Volume number/sequential designation 6]
500 ## - GENERAL NOTE
General note "Prepared in cooperation with the United States Geological Survey."
504 ## - BIBLIOGRAPHY, ETC. NOTE
Bibliography, etc. note "References": p. 133.
650 #0 - SUBJECT ADDED ENTRY--TOPICAL TERM
Topical term or geographic name entry element Water-supply
Geographic subdivision New Jersey.
650 #0 - SUBJECT ADDED ENTRY--TOPICAL TERM
Topical term or geographic name entry element Groundwater
Geographic subdivision New Jersey.
650 #0 - SUBJECT ADDED ENTRY--TOPICAL TERM
Topical term or geographic name entry element Water-supply
Geographic subdivision New Jersey
-- Atlantic City.
700 1# - ADDED ENTRY--PERSONAL NAME
Personal name Sundstrom, Raymond W.
700 1# - ADDED ENTRY--PERSONAL NAME
Personal name Brunstein, Maurice S.
710 2# - ADDED ENTRY--CORPORATE NAME
Corporate name or jurisdiction name as entry element Geological Survey (U.S.)

No items available.

Powered by Koha